| 000 | 00722cam a22002778a 4500 | ||
|---|---|---|---|
| 005 | 20260322212020.0 | ||
| 008 | data | ||
| 010 | _a 2006047000 | ||
| 020 | _a9780061243585 (alk. paper) | ||
| 020 | _a0061243582 (alk. paper) | ||
| 040 |
_aDLC _cDLC |
||
| 050 | 0 | 0 |
_aAG106 _b.I38 2007 |
| 082 | 0 | 0 |
_a031.02 _222 |
| 100 | 1 | _aIggulden, Conn. | |
| 245 | 1 | 4 |
_aThe dangerous book for boys / _cConn Iggulden & Hal Iggulden. |
| 250 | _a1st U.S. ed. | ||
| 260 |
_aNew York : _bHarper Collins Publishers, _c2007. |
||
| 263 | _a0705 | ||
| 300 | _ap. cm. | ||
| 650 | 0 | _aHandbooks, vade-mecums, etc. | |
| 650 | 0 | _aAmusements. | |
| 650 | 0 | _aRecreation. | |
| 650 | 0 |
_aBoys _vMiscellanea. |
|
| 700 | 1 | _aIggulden, Hal. | |
| 001 | data | ||
| 999 |
_c453 _d453 |
||